000 00346nam a2200121Ia 4500
005 20260326100046.0
008 260326s9999||||xx |||||||||||||| ||und||
100 _aAyala, Carlos
245 0 _aLa Plaza Mayor en la Nueva Guatemala /
_cCarlos Ayala
260 _bUniversidad de San Carlos de Guatemala
650 _aARQUITECTURA COLONIAL
942 _cBK
999 _c7221
_d7221